Priority review of the uptake by social landlords of legislative powers to tackle anti-social behaviour (Record no. 106353)
[ view plain ]
| 000 -LEADER | |
|---|---|
| fixed length control field | 01288cam a2200253 4500 |
| 001 - CONTROL NUMBER | |
| control field | L136269 |
| 008 - FIXED-LENGTH DATA ELEMENTS--GENERAL INFORMATION | |
| fixed length control field | 070122n2006 000 0 eng u |
| 035 ## - SYSTEM CONTROL NUMBER | |
| System control number | (Sirsi) u136269 |
| 041 0# - LANGUAGE CODE | |
| Language code of text/sound track or separate title | eng |
| 050 ## - LIBRARY OF CONGRESS CALL NUMBER | |
| Classification number | 346.4104343 $2 18 |
| 110 1# - MAIN ENTRY--CORPORATE NAME | |
| Corporate name or jurisdiction name as entry element | United Kingdom |
| Subordinate unit | Department for Communities and Local Government |
| 9 (RLIN) | 4939 |
| 245 00 - TITLE STATEMENT | |
| Title | Priority review of the uptake by social landlords of legislative powers to tackle anti-social behaviour |
| Medium | [electronic resource] |
| 260 ## - PUBLICATION, DISTRIBUTION, ETC. | |
| Place of publication, distribution, etc. | London |
| Name of publisher, distributor, etc. | DCLG |
| Date of publication, distribution, etc. | 2006 |
| 490 ## - SERIES STATEMENT | |
| Series statement | DCLG Housing Research Summary |
| Volume/sequential designation | (232) |
| 505 ## - FORMATTED CONTENTS NOTE | |
| Formatted contents note | The use of Anti-social Behaviour powers -- The capability of housing providers -- Barriers to success -- Recommendations. |
| 520 ## - SUMMARY, ETC. | |
| Summary, etc. | Provides information about the way in which social landlords have used the powers given to them by the Housing Act 2004 and the Anti-Social Behaviour Act 2003 in order to tackle anti-social behaviour and develop sustainable communities. |
| 590 ## - LOCAL NOTE (RLIN) | |
| Local note | KA |
| 650 24 - SUBJECT ADDED ENTRY--TOPICAL TERM | |
| Topical term or geographic name entry element | HOUSING ACT 2004 |
| 650 24 - SUBJECT ADDED ENTRY--TOPICAL TERM | |
| Topical term or geographic name entry element | ANTI-SOCIAL BEHAVIOUR ACT 2003 |
| 651 #4 - SUBJECT ADDED ENTRY--GEOGRAPHIC NAME | |
| Geographic name | England |
| Chronological subdivision | 886- |
| 690 ## - LOCAL SUBJECT ADDED ENTRY--TOPICAL TERM (OCLC, RLIN) | |
| Topical term or geographic name as entry element | PROPERTY-RESIDENTIAL PROPERTY-RESIDENTIAL LANDLORD AND TENANT |
| 856 ## - ELECTRONIC LOCATION AND ACCESS | |
| Uniform Resource Identifier | <a href="https://www.communities.gov.uk/index.asp?id=1505450">https://www.communities.gov.uk/index.asp?id=1505450</a> |
| Public note | View the research summary free of charge at www.communities.gov.uk... |
| 942 ## - ADDED ENTRY ELEMENTS (KOHA) | |
| Suppress in OPAC | 0 |
| Withdrawn status | Lost status | Source of classification or shelving scheme | Damaged status | Not for loan | Home library | Current library | Shelving location | Date acquired | Total Checkouts | Full call number | Barcode | Date last seen | Copy number | Price effective from | Koha item type |
|---|---|---|---|---|---|---|---|---|---|---|---|---|---|---|---|
| Dewey Decimal Classification | Virtual | Virtual | Online | 22/01/2007 | ONLINE PUBLICATION | 136269-1001 | 06/08/2019 | 1 | 06/08/2019 | Book |